书目信息 |
| 题名: |
Premiere Pro cs6案例教程
|
|
| 作者: | 曾祥民 著 | |
| 分册: | ||
| 出版信息: | 北京 电子工业出版社 2014 |
|
| 页数: | 190页 | |
| 开本: | 26cm | |
| 丛书名: | ||
| 单 册: | ||
| 中图分类: | TP317.53 | |
| 科图分类: | ||
| 主题词: | 视频编辑软件--职业教育--教材 | |
| 电子资源: | ||
| ISBN: | 978-7-121-24157-4 | |
| 000 | 00792nam0 2200241 450 | |
| 001 | 2343159001 | |
| 005 | 20231129115935.42 | |
| 010 | @a978-7-121-24157-4@dCNY28.00 | |
| 100 | @a20141120d2014 em y0chiy50 ea | |
| 101 | 0 | @achi |
| 102 | @aCN@b110000 | |
| 105 | @ay z 000yy | |
| 200 | 1 | @aPremiere Pro cs6案例教程@APremiere Pro cs6 an li jiao cheng@f曾祥民著 |
| 210 | @a北京@c电子工业出版社@d2014 | |
| 215 | @a190页@d26cm | |
| 300 | @a职业教育课程改革系列教材 | |
| 330 | @a本书分知识导论、任务实践两部分,内容包括:记录式短片的制作、商业广告的制作、学校专题片的制作等。 | |
| 606 | 0 | @a视频编辑软件@x职业教育@j教材 |
| 610 | 0 | @aPremiere Pro |
| 690 | @aTP317.53@v5 | |
| 701 | 0 | @a曾祥民@Azeng xiang min@c(计算机)@4著 |
| 801 | 0 | @aCN@b山东中教@c20231126 |
| 905 | @aBZT@dTP317.53@e16 | |
| Premiere Pro cs6案例教程/曾祥民著.-北京:电子工业出版社,2014 |
| 190页;26cm |
| 职业教育课程改革系列教材 |
| ISBN 978-7-121-24157-4:CNY28.00 |
| 本书分知识导论、任务实践两部分,内容包括:记录式短片的制作、商业广告的制作、学校专题片的制作等。 |
| ● |
| 相关链接 |
|
|
|
正题名:Premiere Pro cs6案例教程
索取号:TP317.53/16
 
预约/预借
| 序号 | 登录号 | 条形码 | 馆藏地/架位号 | 状态 | 备注 |
| 1 | 2001144544 | 2001144544 | 中教(第二批第二书库)/山东中教(第二书库)/636/ [索取号:TP317.53/16] | 在馆 | |
| 2 | 2001144545 | 2001144545 | 中教(第二批第二书库)/山东中教(第二书库)/636/ [索取号:TP317.53/16] | 在馆 | |
| 3 | 2001144546 | 2001144546 | 中教(第二批第二书库)/山东中教(第二书库)/636/ [索取号:TP317.53/16] | 在馆 | |
| 4 | 2001144547 | 2001144547 | 中教(第二批第二书库)/山东中教(第二书库)/636/ [索取号:TP317.53/16] | 在馆 | |
| 5 | 2001144548 | 2001144548 | 中教(第二批第二书库)/山东中教(第二书库)/636/ [索取号:TP317.53/16] | 在馆 | |
| 6 | 2001144549 | 2001144549 | 中教(第二批第二书库)/山东中教(第二书库)/636/ [索取号:TP317.53/16] | 在馆 | |
| 7 | 2001144550 | 2001144550 | 中教(第二批第二书库)/山东中教(第二书库)/636/ [索取号:TP317.53/16] | 在馆 | |
| 8 | 2001144551 | 2001144551 | 中教(第二批第二书库)/山东中教(第二书库)/636/ [索取号:TP317.53/16] | 在馆 | |
| 9 | 2001144552 | 2001144552 | 中教(第二批第二书库)/山东中教(第二书库)/636/ [索取号:TP317.53/16] | 在馆 | |
| 10 | 2001144553 | 2001144553 | 中教(第二批第二书库)/山东中教(第二书库)/636/ [索取号:TP317.53/16] | 在馆 | |
| 11 | 2001144554 | 2001144554 | 中教(第二批第二书库)/山东中教(第二书库)/636/ [索取号:TP317.53/16] | 在馆 | |
| 12 | 2001144555 | 2001144555 | 中教(第二批第二书库)/山东中教(第二书库)/636/ [索取号:TP317.53/16] | 在馆 | |
| 13 | 2001144556 | 2001144556 | 中教(第二批第二书库)/山东中教(第二书库)/636/ [索取号:TP317.53/16] | 在馆 | |
| 14 | 2001144557 | 2001144557 | 中教(第二批第二书库)/山东中教(第二书库)/636/ [索取号:TP317.53/16] | 在馆 | |
| 15 | 2001144558 | 2001144558 | 中教(第二批第二书库)/山东中教(第二书库)/636/ [索取号:TP317.53/16] | 在馆 | |
| 16 | 2001144559 | 2001144559 | 中教(第二批第二书库)/山东中教(第二书库)/636/ [索取号:TP317.53/16] | 在馆 | |
| 17 | 2001144560 | 2001144560 | 中教(第二批第二书库)/山东中教(第二书库)/636/ [索取号:TP317.53/16] | 在馆 | |
| 18 | 2001144561 | 2001144561 | 中教(第二批第二书库)/山东中教(第二书库)/636/ [索取号:TP317.53/16] | 在馆 | |
| 19 | 2001144562 | 2001144562 | 中教(第二批第二书库)/山东中教(第二书库)/636/ [索取号:TP317.53/16] | 在馆 | |
| 20 | 2001144563 | 2001144563 | 中教(第二批第二书库)/山东中教(第二书库)/636/ [索取号:TP317.53/16] | 在馆 | |
| 21 | 2001144564 | 2001144564 | 中教(第二批第二书库)/山东中教(第二书库)/636/ [索取号:TP317.53/16] | 在馆 | |
| 22 | 2001144565 | 2001144565 | 中教(第二批第二书库)/山东中教(第二书库)/636/ [索取号:TP317.53/16] | 在馆 | |
| 23 | 2001144566 | 2001144566 | 中教(第二批第二书库)/山东中教(第二书库)/636/ [索取号:TP317.53/16] | 在馆 | |
| 24 | 2001144567 | 2001144567 | 中教(第二批第二书库)/山东中教(第二书库)/636/ [索取号:TP317.53/16] | 在馆 | |
| 25 | 2001144568 | 2001144568 | 中教(第二批第二书库)/山东中教(第二书库)/636/ [索取号:TP317.53/16] | 在馆 | |
| 26 | 2001144569 | 2001144569 | 中教(第二批第二书库)/山东中教(第二书库)/636/ [索取号:TP317.53/16] | 在馆 | |
| 27 | 2001144570 | 2001144570 | 中教(第二批第二书库)/山东中教(第二书库)/636/ [索取号:TP317.53/16] | 在馆 | |
| 28 | 2001144571 | 2001144571 | 中教(第二批第二书库)/山东中教(第二书库)/636/ [索取号:TP317.53/16] | 在馆 | |
| 29 | 2001144572 | 2001144572 | 中教(第二批第二书库)/山东中教(第二书库)/636/ [索取号:TP317.53/16] | 在馆 | |
| 30 | 2001144573 | 2001144573 | 中教(第二批第二书库)/山东中教(第二书库)/636/ [索取号:TP317.53/16] | 在馆 |